[Event "Mecklenburg VP-ch U25"]
[Site "Malchow"]
[Date "2019.02.03"]
[Round "3.11"]
[White "Knorr, Jussi Ferdinand"]
[Black "Linnenbecker, Lino"]
[Result "1/2-1/2"]
[WhiteElo "971"]
[BlackElo "861"]
[PlyCount "201"]
[EventDate "2019.02.02"]
[EventType "swiss"]
[EventRounds "7"]
[EventCountry "GER"]
[SourceTitle "EXT 2022"]
[Source "ChessBase"]
[SourceDate "2021.10.06"]
[SourceVersion "1"]
[SourceVersionDate "2021.10.06"]
[SourceQuality "1"]

1. d4 d5 2. c4 Nf6 3. Nc3 dxc4 4. e3 Be6 5. Nf3 Nbd7 6. Be2 Nb6 7. 0-0 Qd7 8. Ne5 Qd6 9. Nb5 Qd8 10. Bd2 Nbd5 11. Bxc4 c6 12. Nc3 Qd6 13. a3 0-0-0 14. e4 Nxc3 15. Bxc3 Nxe4 16. Bxe6+ Qxe6 17. Re1 Nxc3 18. bxc3 Qf5 19. c4 Qe6 20. Rc1 f6 21. Nf3 Qg4 22. h3 Qf4 23. Qd3 e6 24. c5 Rd5 25. Rc4 Be7 26. Rxe6 Re8 27. Re4 Qf5 28. g4 Qd7 29. Re1 Qc7 30. Qxh7 g5 31. Nd2 Qf4 32. Rxe7 Rxe7 33. Qxe7 Qxd2 34. Qe6+ Rd7 35. Qe3 Qd1+ 36. Kg2 Qb1 37. Qe6 Qg6 38. Qf5 Qf7 39. Ra4 a6 40. f4 Qa2+ 41. Kf1 Qa1+ 42. Ke2 Qa2+ 43. Kd1 Qb3+ 44. Qc2 Qf3+ 45. Qe2 Qxf4 46. Qe8+ Rd8 47. Qe6+ Rd7 48. Qf5 Qxf5 49. gxf5 Re7 50. Kd2 Re4 51. Kc3 Rf4 52. Kd3 Rxf5 53. Ke4 Rd5 54. Rc4 f5+ 55. Kf3 Kd7 56. Rb4 Kc7 57. Kg3 f4+ 58. Kg4 Kc8 59. h4 gxh4 60. Kxh4 f3 61. Kg3 Rf5 62. Kf2 Rf4 63. Rb3 Rxd4 64. Rxf3 Rc4 65. Rf5 Rc3 66. a4 Rc4 67. a5 Rb4 68. Ke3 Rb5 69. Kd4 Rxa5 70. Kc4 b5+ 71. Kb4 Ra4+ 72. Kb3 Rc4 73. Ka3 b4+ 74. Kb3 Rd4 75. Rf1 a5 76. Ra1 Rd3+ 77. Kc4 Rc3+ 78. Kd4 Ra3 79. Rxa3 bxa3 80. Kc3 a2 81. Kb2 a1Q+ 82. Kxa1 Kb7 83. Kb2 Ka6 84. Ka3 Kb5 85. Kb3 Kxc5 86. Ka4 Kb6 87. Kb3 c5 88. Kc4 Kc6 89. Kb3 Kb5 90. Kc3 a4 91. Kb2 Kb4 92. Ka2 c4 93. Kb2 a3+ 94. Kc2 c3 95. Kb1 Kb3 96. Ka1 Kc4 97. Kb1 a2+ 98. Kxa2 c2 99. Kb2 Kd3 100. Kc1 Ke2 101. Kxc2 1/2-1/2